Quản lý và kinh doanh Nhân sự: Chìa khóa của sự thành công
Tallennettuna:
| Päätekijä: | |
|---|---|
| Aineistotyyppi: | Kirja |
| Kieli: | Undetermined |
| Julkaistu: |
Tp. HCM
Nxb. Tp. HCM
2000
|
| Aiheet: | |
| Tagit: |
Lisää tagi
Ei tageja, Lisää ensimmäinen tagi!
|
| Thư viện lưu trữ: | Trung tâm Học liệu Trường Đại học Cần Thơ |
|---|
| LEADER | 00616nam a2200193Ia 4500 | ||
|---|---|---|---|
| 001 | CTU_42154 | ||
| 008 | 210402s9999 xx 000 0 und d | ||
| 020 | |c 13000 | ||
| 082 | |a 658 | ||
| 082 | |b K82n | ||
| 100 | |a Matsushita Konosuke | ||
| 245 | 0 | |a Quản lý và kinh doanh | |
| 245 | 0 | |b Nhân sự: Chìa khóa của sự thành công | |
| 245 | 0 | |c Matsushita Konosuke, Trần Quang Tuệ | |
| 260 | |a Tp. HCM | ||
| 260 | |b Nxb. Tp. HCM | ||
| 260 | |c 2000 | ||
| 650 | |a business intelligence,organizational behavior,personal management | ||
| 980 | |a Trung tâm Học liệu Trường Đại học Cần Thơ | ||